How to run better meetings (Record no. 541411)
[ view plain ]
| 000 -LEADER | |
|---|---|
| fixed length control field | 00605pam a2200181 i 4500 |
| 020 ## - INTERNATIONAL STANDARD BOOK NUMBER | |
| International Standard Book Number | 0898741157 |
| 082 00 - DEWEY DECIMAL CLASSIFICATION NUMBER | |
| Classification number | 658.456 |
| Author Mark | HEG |
| 100 1# - MAIN ENTRY--PERSONAL NAME | |
| Personal name | Hegarty, Edward J. |
| 9 (RLIN) | 36255 |
| 245 10 - TITLE STATEMENT | |
| Title | How to run better meetings |
| Statement of responsibility, etc. | by Edward J. Hegarty. |
| 260 ## - PUBLICATION, DISTRIBUTION, ETC. | |
| Place of publication, distribution, etc. | Huntington, N.Y. : |
| Name of publisher, distributor, etc. | R. E. Krieger Pub. Co., |
| Date of publication, distribution, etc. | 1981, c1957. |
| 300 ## - PHYSICAL DESCRIPTION | |
| Extent | xiv, 312 p. : |
| Other physical details | ill. ; |
| Dimensions | 24 cm. |
| 500 ## - GENERAL NOTE | |
| General note | Includes index. |
| 500 ## - GENERAL NOTE | |
| General note | Reprint of the ed. published by McGraw-Hill, New York. |
| 526 ## - STUDY PROGRAM INFORMATION NOTE | |
| Program name | 0 |
| Interest level | 0 |
| Reading level | 0 |
| Title point value | 658_456000000000000_HEG |
| 526 ## - STUDY PROGRAM INFORMATION NOTE | |
| Program name | 0 |
| Interest level | 0 |
| Reading level | 0 |
| Title point value | 658_456000000000000_HEG |
| 650 #0 - SUBJECT ADDED ENTRY--TOPICAL TERM | |
| Topical term or geographic name entry element | Meetings. |
| Topical term following geographic name entry element | MCE |
| 9 (RLIN) | 36256 |
| 942 ## - ADDED ENTRY ELEMENTS (KOHA) | |
| Source of classification or shelving scheme | |
| Koha item type | Book |
| Withdrawn status | Lost status | Source of classification or shelving scheme | Damaged status | Not for loan | Permanent Location | Current Location | Date acquired | Total Checkouts | Full call number | Barcode | Date last seen | Price effective from | Koha item type | Copy number |
|---|---|---|---|---|---|---|---|---|---|---|---|---|---|---|
| Military College of Engineering (MCE) | Military College of Engineering (MCE) | 08/28/2014 | 658.456 HEG | MCE-3667 | 08/28/2014 | 08/28/2014 | Book | |||||||
| Military College of Engineering (MCE) | Military College of Engineering (MCE) | 07/02/2013 | 658.456 HEG | MCE-03667 | 07/02/2013 | 07/02/2013 | Book | 1 |
